LEADER 00828nam0-22003011i-450- 001 990006512430403321 005 20001010 035 $a000651243 035 $aFED01000651243 035 $a(Aleph)000651243FED01 035 $a000651243 100 $a20001010d--------km-y0itay50------ba 101 0 $aita 105 $ay-------001yy 200 1 $aElements of English Law$fWilliam Geldart 210 $aOxford$cOxford University Press$d1975. 215 $aVI, 194 p.$d22 cm 225 1 $aOpus$eOxford paperbacks university series$v6 676 $a349.41 700 1$aGeldart,$bWilliam$0202293 801 0$aIT$bUNINA$gRICA$2UNIMARC 901 $aBK 912 $a990006512430403321 952 $aCOLLEZ. 380 (6)$b7780$fFSPBC 959 $aFSPBC 996 $aElements of English Law$9621195 997 $aUNINA DB $aGEN01 LEADER 01358nam0-22004091i-450- 001 990005550930203316 005 20081103120000.0 035 $a000555093 035 $aUSA01000555093 035 $a(ALEPH)000555093USA01 035 $a000555093 100 $a20080917d2007-------|0itac50------ba 101 $aita 102 $aIT 105 $a|||| ||||| 200 1 $a<> libro nero dell'agricoltura italiana$ecinque anni di politica agraria italiana, europea e internazionale$fGiorgio Amadei, Andrea Segrč$gprefazione di Paolo De Castro 210 $aMilano$cF.Angeli$d[2007] 215 $a233 p.$d23 cm. 606 $aItalia$xPolitica agraria$x2002 -2006$2FI 620 $dMilano 676 $a338.1$cAgricoltura$v21 700 1$aAMADEI,$bGiorgio$0303746 701 1$aSEGRČ,$bAndrea$0425272 702 1$aDE_CASTRO,$bPaolo 801 $aIT$bSOL$c20120104 912 $a990005550930203316 950 $aDIP.TO SCIENZE ECONOMICHE - (SA)$dDS 300 338.1 AMA$e14739 DISES 951 $aDIP.TO SCIENZE ECONOMICHE - (SA)$bDS2008 1E 20080917 951 $a300 338.1 AMA$b14739 DISES 959 $aBK 969 $aDISES 979 $c20121027$lUSA01$h1533 979 $c20121027$lUSA01$h1613 979 $aPATRY$b90$c20121114$lUSA01$h1447 996 $aLibro nero dell'agricoltura italiana$9709022 997 $aUNISA NUM $aUSA17778